Looney Tunes Characters - Statistics

General Stats
  • This quiz has been taken 51 times
    41 since last reset
  • The average score is 29 of 92
Answer Stats
Picture Answer % Correct
Bugs Bunny
97%
Daffy Duck
97%
Elmer J. Fudd
94%
Road Runner
88%
Tweety Bird
84%
Foghorn Leghorn
81%
Porky Pig
81%
Speedy Gonzales
81%
Sylvester Junior
81%
Sylvester the Cat
81%
Tasmanian Devil
81%
Marvin the Martian
72%
Michael Jordan
72%
LeBron James
69%
Pepé Le Pew
69%
Sam Cat
69%
Sam Sheepdog
69%
Yosemite Sam
69%
Lola Bunny
63%
Granny
59%
Wille E. Coyote
56%
Witch Hazel
50%
Gossamer
47%
Petunia Pig
47%
Michigan J. Frog
44%
Mac and Tosh
34%
Papa Bear
34%
Cecil Turtle
31%
Hector the Bulldog
31%
Penelope Pussycat
31%
Pete
31%
Pete Puma
31%
Beaky Buzzard
28%
Bunny
28%
Claude
28%
Henery Hawk
28%
Mama Bear
28%
Barnyard Dawg
25%
Claude Cat
25%
Miss Prissy
25%
Mugsy
25%
Ralph Wolf
25%
The Gremlin
25%
Bosko
22%
Giovanni Jones
22%
Instant Martians
22%
Junyer Bear
22%
Marc Antony
22%
Spike the Bulldog
22%
The Weasel
22%
Tina Russo
22%
Beans
19%
Bertie
19%
Charlie Dog
19%
Cool Cat
19%
Foxy
19%
Hippety Hopper
19%
Hugo the Abominable Snowman
19%
Rocky
19%
Sniffles
19%
Chester the Dog
16%
Clyde Bunny
16%
Hubie
16%
Merlin the Magic Mouse
16%
Pussyfoot
16%
Squeaks the Squirrel
16%
Angus MacRory
13%
Stan Podolak
13%
Claudette Dupri
9%
Colonel Shuffle
9%
Eggbert
9%
Inki
9%
Leo the Lion
9%
Mr. Swackhammer
9%
Willoughby Dog
9%
Al-G Rhythm
6%
Second Banana
6%
Yoyo Dodo
6%
Bang
3%
Blanko
3%
Bupkus
3%
Leslie P. Lilylegs
3%
Little Kitty
3%
Minah Bird
3%
Nawt
3%
Pound
3%
Rhoda Roundhouse
3%
Sir Littlechin
3%
Slugsworthy the First
3%
Smokey the Genie
3%
Tad Tucker
3%
Thes
3%
No matching quizzes found
Score Distribution
Percent of People with Each Score
Percentile by Number Answered
Your Score History
You have not taken this quiz since the last reset